00449 2200169 4500001002100000005001500021035002000036245007300056100002700129300002500156260003100181082001000212084001600222020000600238600001800244990001700262INLIS00000000000143820260416104038 a0010-04260000221 aAsal Mula Danau Toba The Story Of Toba lake /cYudhistira Ikranegara0 aIkranegara, Yudhistira a32 hlm ;c14 X 21 cm aSurabaya :bSerba Jaya,c- a398.2 a398.2 IKR a a- 4aCerita Rakyat a4796/PP/2026